[Event "Mitropa Cup 28th"]
[Site "Rogaska Slatina"]
[Date "2009.05.13"]
[Round "5"]
[White "Rapport, Richard"]
[Black "Schiendorfer, Emanuel"]
[Result "1-0"]
[WhiteElo "2371"]
[BlackElo "2274"]
[PlyCount "105"]
[EventDate "2009.05.09"]
[EventType "team-tourn"]
[EventRounds "9"]
[EventCountry "SLO"]
[Source "ChessBase"]
[SourceDate "2009.07.02"]
[WhiteTeam "Hungary"]
[BlackTeam "Switzerland"]
[WhiteTeamCountry "HUN"]
[BlackTeamCountry "SUI"]

1. d4 Nf6 2. c4 e6 3. Nf3 d5 4. Nc3 c6 5. Bg5 Nbd7 6. cxd5 exd5 7. e3 Be7 8.
Qc2 Nf8 9. Bd3 Ne6 10. Bh4 g6 11. h3 O-O 12. O-O-O c5 13. dxc5 Nxc5 14. Nd4 a6
15. Kb1 Qd6 16. Bg3 Qd7 17. Nb3 Nxd3 18. Qxd3 Qf5 19. Nd4 Qxd3+ 20. Rxd3 Be6
21. Bh4 Rfe8 22. Rc1 Rac8 23. Bg5 Kg7 24. Rd2 h6 25. Bf4 Kh7 26. Rdc2 g5 27.
Bh2 Nd7 28. Na4 Rxc2 29. Rxc2 Bd8 30. Rc8 b5 31. Nc3 Nf6 32. Nxe6 fxe6 33. Rc6
b4 34. Na4 Ne4 35. f3 Nd2+ 36. Kc1 Nc4 37. Bg1 Bf6 38. b3 Ne5 39. Rxa6 Kg6 40.
Kd2 Kf5 41. Bh2 h5 42. Nc5 g4 43. hxg4+ hxg4 44. Bxe5 Bxe5 45. fxg4+ Kxg4 46.
Rxe6 Bc3+ 47. Kd3 Rf8 48. Na4 Be1 49. e4 Rd8 50. exd5 Rxd5+ 51. Kc4 Rd1 52. Re2
Kg3 53. Nb2 1-0

[Event "Mitropa Cup 28th"]
[Site "Rogaska Slatina"]
[Date "2009.05.13"]
[Round "5"]
[White "Michalik, Peter"]
[Black "Rombaldoni, Denis"]
[Result "1/2-1/2"]
[WhiteElo "2409"]
[BlackElo "2442"]
[PlyCount "102"]
[EventDate "2009.05.09"]
[EventType "team-tourn"]
[EventRounds "9"]
[EventCountry "SLO"]
[Source "ChessBase"]
[SourceDate "2009.07.02"]
[WhiteTeam "Slovakia"]
[BlackTeam "Italy"]
[WhiteTeamCountry "SVK"]
[BlackTeamCountry "ITA"]

1. e4 c5 2. Nf3 Nc6 3. d4 cxd4 4. Nxd4 Nf6 5. Nc3 d6 6. Bg5 e6 7. Qd2 a6 8.
O-O-O Nxd4 9. Qxd4 Be7 10. f4 b5 11. Be2 Bb7 12. Bf3 O-O 13. e5 Bxf3 14. exf6
gxf6 15. gxf3 fxg5 16. Ne4 d5 17. Nxg5 Bf6 18. Qd3 Bxg5 19. Rhg1 Qf6 20. fxg5
Qg6 21. f4 Qxd3 22. Rxd3 Rac8 23. b3 Rc5 24. h4 Rfc8 25. Rg2 Rc3 26. Rgd2 Kg7
27. f5 h6 28. gxh6+ Kxh6 29. Rd4 Rf3 30. fxe6 fxe6 31. Re2 Rf6 32. a4 Kg6 33.
Rg4+ Kf7 34. Reg2 Ke7 35. Kb2 e5 36. Rg7+ Rf7 37. axb5 axb5 38. Rxf7+ Kxf7 39.
Ka3 e4 40. Kb4 Ke6 41. h5 e3 42. h6 Ke5 43. h7 Rh8 44. Rh2 d4 45. Kxb5 d3 46.
cxd3 Kd4 47. Kc6 Kxd3 48. b4 e2 49. Rxe2 Kxe2 50. b5 Rxh7 51. b6 Kd3 1/2-1/2

[Event "Mitropa Cup 28th"]
[Site "Rogaska Slatina"]
[Date "2009.05.14"]
[Round "6"]
[White "Bosiocic, Marin"]
[Black "Vavrak, Peter"]
[Result "1/2-1/2"]
[WhiteElo "2571"]
[BlackElo "2487"]
[PlyCount "37"]
[EventDate "2009.05.09"]
[EventType "team-tourn"]
[EventRounds "9"]
[EventCountry "SLO"]
[Source "ChessBase"]
[SourceDate "2009.07.02"]
[WhiteTeam "Croatia"]
[BlackTeam "Slovakia"]
[WhiteTeamCountry "CRO"]
[BlackTeamCountry "SVK"]

1. c4 e6 2. Nf3 Nf6 3. g3 d5 4. Bg2 c6 5. Qc2 Be7 6. d4 O-O 7. Nbd2 b6 8. e4
Bb7 9. O-O a5 10. b3 Na6 11. Bb2 a4 12. e5 Nd7 13. bxa4 c5 14. a3 Ra7 15. cxd5
Bxd5 16. Ne4 Qa8 17. Nfg5 g6 18. Nh3 cxd4 19. Nf4 1/2-1/2

[Event "Mitropa Cup 28th"]
[Site "Rogaska Slatina"]
[Date "2009.05.14"]
[Round "6"]
[White "Macak, Stefan"]
[Black "Jovanovic, Zoran2"]
[Result "1/2-1/2"]
[WhiteElo "2494"]
[BlackElo "2525"]
[PlyCount "105"]
[EventDate "2009.05.09"]
[EventType "team-tourn"]
[EventRounds "9"]
[EventCountry "SLO"]
[Source "ChessBase"]
[SourceDate "2009.07.02"]
[WhiteTeam "Slovakia"]
[BlackTeam "Croatia"]
[WhiteTeamCountry "SVK"]
[BlackTeamCountry "CRO"]

1. e4 c5 2. Nf3 d6 3. d4 cxd4 4. Nxd4 Nf6 5. Nc3 Nc6 6. Bg5 e6 7. Qd2 Qb6 8.
Nb3 Be7 9. O-O-O O-O 10. Be3 Qc7 11. f4 a6 12. Be2 b5 13. Bf3 Bb7 14. g4 Nd7
15. Qf2 Na5 16. Nxa5 Qxa5 17. Kb1 Rfc8 18. e5 Bxf3 19. Qxf3 d5 20. Bd4 Qc7 21.
Qd3 Nc5 22. Bxc5 Bxc5 23. h4 Bb4 24. Ne2 Qc4 25. Qxc4 Rxc4 26. Rd4 Rac8 27. c3
Ba5 28. Rhd1 Bb6 29. Rxc4 Rxc4 30. Nd4 b4 31. Kc2 Kf8 32. Rd3 bxc3 33. bxc3 Ke7
34. Rd2 h6 35. Kd3 Bxd4 36. cxd4 Ra4 37. Rb2 g6 38. Ke3 Ra3+ 39. Ke2 Rg3 40.
Rb7+ Kf8 41. f5 gxf5 42. gxf5 exf5 43. Rb6 Rg4 44. Ke3 Rxh4 45. Rxa6 Kg7 46.
Ra5 Re4+ 47. Kd3 f4 48. Rxd5 Re3+ 49. Kd2 Ra3 50. Rd6 Rxa2+ 51. Kd3 h5 52. Rf6
h4 53. Ke4 1/2-1/2

[Event "Mitropa Cup 28th"]
[Site "Rogaska Slatina"]
[Date "2009.05.14"]
[Round "6"]
[White "Michalik, Peter"]
[Black "Martinovic, Sasa"]
[Result "1/2-1/2"]
[WhiteElo "2409"]
[BlackElo "2483"]
[PlyCount "177"]
[EventDate "2009.05.09"]
[EventType "team-tourn"]
[EventRounds "9"]
[EventCountry "SLO"]
[Source "ChessBase"]
[SourceDate "2009.07.02"]
[WhiteTeam "Slovakia"]
[BlackTeam "Croatia"]
[WhiteTeamCountry "SVK"]
[BlackTeamCountry "CRO"]

1. e4 e6 2. d3 d5 3. Nd2 Nf6 4. Ngf3 Nc6 5. c3 e5 6. Be2 Bd6 7. O-O O-O 8. Re1
Re8 9. Qc2 h6 10. Nf1 Ne7 11. Ne3 c6 12. g3 Bh3 13. Bf1 Qd7 14. Bg2 a5 15. a4
Ng6 16. Kh1 Bc5 17. Bxh3 Qxh3 18. Ng1 Qd7 19. Nf5 Ne7 20. Be3 Bxe3 21. Nxe3 Ng4
22. Nf3 Ng6 23. Nf5 dxe4 24. dxe4 Qd3 25. Qe2 Rad8 26. Kg2 Nf6 27. Ra3 Qxe2 28.
Rxe2 Nf8 29. b4 g6 30. Ne3 Nxe4 31. Ng4 f5 32. Ngxe5 axb4 33. cxb4 Rd5 34. Nc4
Red8 35. a5 Rd3 36. Re3 Rxe3 37. Nxe3 Kg7 38. a6 bxa6 39. Rxa6 Rb8 40. Ra7+ Kg8
41. g4 Rxb4 42. gxf5 Rb2 43. Ng4 gxf5 44. Nxh6+ Kh8 45. Nd4 Rxf2+ 46. Kh3 Ng5+
47. Kh4 Nfe6 48. Kh5 Rg2 49. Nhxf5 Nf4+ 50. Kh4 Ng6+ 51. Kh5 Nf4+ 52. Kh4 c5
53. Ng3 Ne4 54. Nf3 c4 55. Ne5 Nxg3 56. hxg3 Ne2 57. g4 c3 58. Rc7 Kg8 59. g5
Rh2+ 60. Kg4 Rh7 61. Rc8+ Kg7 62. Nf3 Rh1 63. Rc7+ Kf8 64. g6 Rf1 65. Nh4 Rg1+
66. Kh5 Nf4+ 67. Kh6 Nxg6 68. Nxg6+ Ke8 69. Rxc3 Kf7 70. Rf3+ Ke6 71. Kg7 Rg2
72. Rf1 Rg3 73. Re1+ Kd6 74. Kf6 Rf3+ 75. Kg5 Rf2 76. Nf4 Rd2 77. Kf5 Rh2 78.
Rd1+ Kc5 79. Ke5 Rh4 80. Rc1+ Kb4 81. Rc8 Kb3 82. Ke4 Kb4 83. Ke3 Kb5 84. Nd5
Rh3+ 85. Kd4 Rh4+ 86. Kc3 Rh3+ 87. Kb2 Rg3 88. Nc3+ Kb4 89. Nd5+ 1/2-1/2

[Event "Mitropa Cup 28th"]
[Site "Rogaska Slatina"]
[Date "2009.05.14"]
[Round "6"]
[White "Saric, Ante"]
[Black "Jurcik, Marian"]
[Result "1/2-1/2"]
[WhiteElo "2502"]
[BlackElo "2468"]
[PlyCount "49"]
[EventDate "2009.05.09"]
[EventType "team-tourn"]
[EventRounds "9"]
[EventCountry "SLO"]
[Source "ChessBase"]
[SourceDate "2009.07.02"]
[WhiteTeam "Croatia"]
[BlackTeam "Slovakia"]
[WhiteTeamCountry "CRO"]
[BlackTeamCountry "SVK"]

1. Nf3 c5 2. c4 Nc6 3. d4 cxd4 4. Nxd4 e6 5. Nc3 Nf6 6. Bf4 a6 7. g3 Qb6 8. Nb3
d5 9. cxd5 Nxd5 10. Nxd5 exd5 11. Bg2 Bb4+ 12. Bd2 Be6 13. O-O Bxd2 14. Qxd2
O-O 15. Rfc1 Rac8 16. Rc5 d4 17. Rac1 Bxb3 18. axb3 Qxb3 19. Bxc6 Qb6 20. R1c4
Rxc6 21. Rxc6 bxc6 22. Qxd4 Rb8 23. Qc3 Qxb2 24. Qxb2 Rxb2 25. Rxc6 1/2-1/2

[Event "Mitropa Cup 28th"]
[Site "Rogaska Slatina"]
[Date "2009.05.14"]
[Round "6"]
[White "Konopka, Michal"]
[Black "Skoberne, Jure"]
[Result "1/2-1/2"]
[WhiteElo "2450"]
[BlackElo "2471"]
[PlyCount "33"]
[EventDate "2009.05.09"]
[EventType "team-tourn"]
[EventRounds "9"]
[EventCountry "SLO"]
[Source "ChessBase"]
[SourceDate "2009.07.02"]
[WhiteTeam "Czech Republic"]
[BlackTeam "Slovenia"]
[WhiteTeamCountry "CZE"]
[BlackTeamCountry "SLO"]

1. d4 d6 2. g3 g6 3. Bg2 Nf6 4. Nf3 Bg7 5. O-O O-O 6. c4 Nc6 7. Nc3 a6 8. b3
Rb8 9. Nd5 Nh5 10. Bb2 e6 11. Ne3 Ne7 12. Rc1 b6 13. Qc2 Bb7 14. Rfd1 Nf6 15.
Ne1 Bxg2 16. N3xg2 Qc8 17. e4 1/2-1/2

[Event "Mitropa Cup 28th"]
[Site "Rogaska Slatina"]
[Date "2009.05.14"]
[Round "6"]
[White "Pavasovic, Dusko"]
[Black "Kanovsky, David"]
[Result "1/2-1/2"]
[WhiteElo "2607"]
[BlackElo "2473"]
[PlyCount "86"]
[EventDate "2009.05.09"]
[EventType "team-tourn"]
[EventRounds "9"]
[EventCountry "SLO"]
[Source "ChessBase"]
[SourceDate "2009.07.02"]
[WhiteTeam "Slovenia"]
[BlackTeam "Czech Republic"]
[WhiteTeamCountry "SLO"]
[BlackTeamCountry "CZE"]

1. e4 e6 2. d4 d5 3. Nd2 c5 4. Ngf3 a6 5. exd5 exd5 6. Be2 Nf6 7. O-O Be7 8.
dxc5 Bxc5 9. Nb3 Bb6 10. c3 O-O 11. Bg5 Re8 12. Nfd4 h6 13. Bh4 Nc6 14. Bf3 g5
15. Bg3 Ne4 16. Bxe4 dxe4 17. Nxc6 bxc6 18. Qh5 Qf6 19. Nd2 Bf5 20. h3 Rad8 21.
Nc4 Bc5 22. Bc7 Rd3 23. Bb6 Bg6 24. Qe2 Qe6 25. Bxc5 Qxc4 26. Be3 f5 27. b3 Qd5
28. c4 Qd7 29. Rad1 f4 30. Bc1 f3 31. Rxd3 exd3 32. Qxf3 d2 33. Bxd2 Qxd2 34.
Qxc6 Kg7 35. Qb7+ Bf7 36. Qxa6 Re2 37. Qb6 Qc3 38. Qa7 Qd2 39. a4 Qc3 40. a5
Rb2 41. f4 Qd2 42. Rf2 Qe1+ 43. Rf1 Qd2 1/2-1/2

[Event "Mitropa Cup 28th"]
[Site "Rogaska Slatina"]
[Date "2009.05.14"]
[Round "6"]
[White "Berczes, David"]
[Black "Philippe, Christophe"]
[Result "1/2-1/2"]
[WhiteElo "2513"]
[BlackElo "2435"]
[PlyCount "48"]
[EventDate "2009.05.09"]
[EventType "team-tourn"]
[EventRounds "9"]
[EventCountry "SLO"]
[Source "ChessBase"]
[SourceDate "2009.07.02"]
[WhiteTeam "Hungary"]
[BlackTeam "France"]
[WhiteTeamCountry "HUN"]
[BlackTeamCountry "FRA"]

1. d4 Nf6 2. c4 c5 3. d5 b5 4. cxb5 a6 5. e3 g6 6. Nc3 Bg7 7. a4 O-O 8. e4 d6
9. Nf3 Bb7 10. Be2 axb5 11. Bxb5 Na6 12. O-O Nb4 13. Bf4 Nh5 14. Be3 e6 15.
dxe6 fxe6 16. Ng5 Qe7 17. Bc4 Bc8 18. Nb5 Nf4 19. Bxf4 Rxf4 20. Nxd6 Qxg5 21.
Nxc8 Bd4 22. Bxe6+ Kg7 23. Kh1 Qd8 24. Rc1 Rf6 1/2-1/2

[Event "Mitropa Cup 28th"]
[Site "Rogaska Slatina"]
[Date "2009.05.14"]
[Round "6"]
[White "Terrieux, Kevin"]
[Black "Papp, Gabor"]
[Result "1/2-1/2"]
[WhiteElo "2449"]
[BlackElo "2524"]
[PlyCount "76"]
[EventDate "2009.05.09"]
[EventType "team-tourn"]
[EventRounds "9"]
[EventCountry "SLO"]
[Source "ChessBase"]
[SourceDate "2009.07.02"]
[WhiteTeam "France"]
[BlackTeam "Hungary"]
[WhiteTeamCountry "FRA"]
[BlackTeamCountry "HUN"]

1. d4 Nf6 2. c4 e6 3. Nc3 Bb4 4. Qc2 O-O 5. a3 Bxc3+ 6. Qxc3 b6 7. Bg5 Bb7 8.
f3 h6 9. Bh4 d5 10. e3 Nbd7 11. cxd5 Nxd5 12. Bxd8 Nxc3 13. Bh4 Nd5 14. Bf2 c5
15. e4 Ne7 16. Ne2 f5 17. exf5 Nxf5 18. dxc5 Nxc5 19. Nc3 Nb3 20. Rd1 Rad8 21.
Bd3 Nbd4 22. O-O g5 23. a4 Kf7 24. b4 Ke7 25. a5 Nh4 26. Be4 Bxe4 27. fxe4 e5
28. Nd5+ Ke6 29. axb6 axb6 30. Bxd4 Rxf1+ 31. Rxf1 exd4 32. g3 Ng6 33. Rf6+ Ke5
34. Rxg6 Kxe4 35. Nxb6 d3 36. Nc4 d2 37. Nxd2+ Rxd2 38. Rxh6 Rb2 1/2-1/2

[Event "Mitropa Cup 28th"]
[Site "Rogaska Slatina"]
[Date "2009.05.14"]
[Round "6"]
[White "Vitoux, Colomban"]
[Black "Prohaszka, Peter"]
[Result "1/2-1/2"]
[WhiteElo "2446"]
[BlackElo "2511"]
[PlyCount "82"]
[EventDate "2009.05.09"]
[EventType "team-tourn"]
[EventRounds "9"]
[EventCountry "SLO"]
[Source "ChessBase"]
[SourceDate "2009.07.02"]
[WhiteTeam "France"]
[BlackTeam "Hungary"]
[WhiteTeamCountry "FRA"]
[BlackTeamCountry "HUN"]

1. e4 c6 2. d4 d5 3. Nc3 dxe4 4. Nxe4 Bf5 5. Ng3 Bg6 6. h4 h6 7. Nh3 Nf6 8. Nf4
Bh7 9. Bc4 e6 10. O-O Bd6 11. Re1 O-O 12. Ngh5 Re8 13. Nxf6+ Qxf6 14. Nh5 Qxh4
15. g3 Qd8 16. Bxh6 Bf8 17. Qg4 Bf5 18. Qg5 Qxg5 19. Bxg5 Bxc2 20. d5 cxd5 21.
Bxd5 Nc6 22. Bxc6 bxc6 23. Rac1 Bb4 24. Re3 Bg6 25. Rb3 Be7 26. Bxe7 Rxe7 27.
Nf4 Be4 28. Nd3 Bd5 29. Rbc3 Rb8 30. a3 g5 31. Nb4 Kg7 32. R1c2 Rh8 33. f3 Ree8
34. Nxc6 Rh3 35. Rh2 Reh8 36. Rxh3 Rxh3 37. Ne5 Kf6 38. Kg2 Rh8 39. Ng4+ Kg7
40. Rc7 Rb8 41. b4 Rb7 1/2-1/2

[Event "Mitropa Cup 28th"]
[Site "Rogaska Slatina"]
[Date "2009.05.14"]
[Round "6"]
[White "Ekstroem, Roland"]
[Black "Braun, Arik"]
[Result "1/2-1/2"]
[WhiteElo "2481"]
[BlackElo "2564"]
[PlyCount "57"]
[EventDate "2009.05.09"]
[EventType "team-tourn"]
[EventRounds "9"]
[EventCountry "SLO"]
[Source "ChessBase"]
[SourceDate "2009.07.02"]
[WhiteTeam "Switzerland"]
[BlackTeam "Germany"]
[WhiteTeamCountry "SUI"]
[BlackTeamCountry "GER"]

1. d4 d5 2. c4 c6 3. Nf3 Nf6 4. Nc3 e6 5. Qd3 dxc4 6. Qxc4 b5 7. Qd3 a6 8. g3
Bb7 9. Bg2 c5 10. O-O Nbd7 11. Bg5 Be7 12. dxc5 Nxc5 13. Qxd8+ Rxd8 14. Rad1
O-O 15. Ne5 Bxg2 16. Kxg2 Rxd1 17. Rxd1 Rc8 18. Rc1 h6 19. Be3 Bd6 20. Nxb5
Bxe5 21. Na7 Rc7 22. Rxc5 Rxc5 23. Bxc5 Bxb2 24. Nc6 Nd7 25. Bd6 f5 26. Kf3 Kf7
27. e4 Kf6 28. Ke3 e5 29. f3 1/2-1/2

[Event "Mitropa Cup 28th"]
[Site "Rogaska Slatina"]
[Date "2009.05.14"]
[Round "6"]
[White "Gaehwiler, Gabriel"]
[Black "Baramidze, David"]
[Result "1/2-1/2"]
[WhiteElo "2226"]
[BlackElo "2547"]
[PlyCount "80"]
[EventDate "2009.05.09"]
[EventType "team-tourn"]
[EventRounds "9"]
[EventCountry "SLO"]
[Source "ChessBase"]
[SourceDate "2009.07.02"]
[WhiteTeam "Switzerland"]
[BlackTeam "Germany"]
[WhiteTeamCountry "SUI"]
[BlackTeamCountry "GER"]

1. e4 e5 2. Nf3 Nc6 3. d4 exd4 4. Nxd4 Bb4+ 5. c3 Bc5 6. Nxc6 bxc6 7. Bd3 d6 8.
O-O Ne7 9. Bg5 h6 10. Qh5 O-O 11. Bh4 Qe8 12. Nd2 Ng6 13. Bg3 Be6 14. Kh1 Qd7
15. h3 Ne5 16. Bc2 f6 17. f4 Nc4 18. Nxc4 Bxc4 19. Rfd1 Rad8 20. e5 f5 21. Bb3
Qe6 22. exd6 Bxb3 23. axb3 cxd6 24. b4 Bb6 25. Re1 Qf7 26. Qh4 Rde8 27. Rxe8
Rxe8 28. Bf2 Kh7 29. Bxb6 axb6 30. Re1 Re4 31. Qf2 Qc4 32. Rxe4 fxe4 33. Qxb6
Qd3 34. Qd4 c5 35. bxc5 dxc5 36. Qe5 e3 37. Kg1 c4 38. h4 Qd1+ 39. Kh2 e2 40.
Qe4+ Kg8 1/2-1/2

[Event "Mitropa Cup 28th"]
[Site "Rogaska Slatina"]
[Date "2009.05.14"]
[Round "6"]
[White "Gustafsson, Jan"]
[Black "Jenni, Florian"]
[Result "1-0"]
[WhiteElo "2631"]
[BlackElo "2516"]
[PlyCount "99"]
[EventDate "2009.05.09"]
[EventType "team-tourn"]
[EventRounds "9"]
[EventCountry "SLO"]
[Source "ChessBase"]
[SourceDate "2009.07.02"]
[WhiteTeam "Germany"]
[BlackTeam "Switzerland"]
[WhiteTeamCountry "GER"]
[BlackTeamCountry "SUI"]

1. d4 g6 2. e4 Bg7 3. Nc3 d6 4. Be3 a6 5. f4 b5 6. Nf3 Bb7 7. Bd3 Nf6 8. e5 Nd5
9. Nxd5 Bxd5 10. O-O Nd7 11. a4 c6 12. Ng5 Nb6 13. axb5 axb5 14. Rxa8 Qxa8 15.
b3 Bh6 16. Qg4 Bxg5 17. Qxg5 Kd7 18. f5 h6 19. Qh4 g5 20. Qe1 f6 21. e6+ Kc7
22. Qe2 b4 23. Bd2 Qa5 24. Qh5 c5 25. Qf7 Kd8 26. Be2 Bc6 27. Qg7 Re8 28. Bh5
c4 29. Bxe8 Bxe8 30. Qxh6 c3 31. Bxg5 Nd5 32. Bh4 Bc6 33. Qc1 Kc7 34. Bg3 Qa6
35. Re1 Qa8 36. Qd1 Qg8 37. Qh5 Be8 38. Qf3 Bc6 39. Qh5 Be8 40. Qf3 Bc6 41. h3
Qg5 42. Kh2 Qd2 43. Qf2 Kb7 44. Kg1 Qg5 45. h4 Qg4 46. Kh2 Nc7 47. Qf4 Qh5 48.
Kh3 Nb5 49. d5 Bxd5 50. Bf2 1-0

[Event "Mitropa Cup 28th"]
[Site "Rogaska Slatina"]
[Date "2009.05.14"]
[Round "6"]
[White "Prusikin, Michael"]
[Black "Huss, Andreas"]
[Result "1-0"]
[WhiteElo "2549"]
[BlackElo "2340"]
[PlyCount "71"]
[EventDate "2009.05.09"]
[EventType "team-tourn"]
[EventRounds "9"]
[EventCountry "SLO"]
[Source "ChessBase"]
[SourceDate "2009.07.02"]
[WhiteTeam "Germany"]
[BlackTeam "Switzerland"]
[WhiteTeamCountry "GER"]
[BlackTeamCountry "SUI"]

1. d4 Nf6 2. c4 e6 3. Nf3 b6 4. g3 Ba6 5. Qc2 Bb4+ 6. Bd2 Be7 7. e4 d5 8. cxd5
Bxf1 9. Kxf1 exd5 10. e5 Ne4 11. Nc3 Nxc3 12. bxc3 Qd7 13. h4 Nc6 14. Ng5 Bxg5
15. hxg5 g6 16. Kg2 O-O-O 17. Rh4 Na5 18. Rah1 Qb5 19. Bf4 Qd7 20. Rxh7 Rxh7
21. Rxh7 Qe6 22. Qe2 Kb7 23. Qf3 Rf8 24. Bc1 Nc4 25. Qf6 Qe8 26. Bf4 Ka6 27.
Rg7 Kb5 28. e6 fxe6 29. Qxg6 Qxg6 30. Rxg6 Re8 31. Rg7 c5 32. Rxa7 Na5 33. Rc7
Nc4 34. g6 cxd4 35. cxd4 Rg8 36. g7 1-0

[Event "Mitropa Cup 28th"]
[Site "Rogaska Slatina"]
[Date "2009.05.15"]
[Round "7"]
[White "Jurcik, Marian"]
[Black "Kreisl, Robert"]
[Result "1-0"]
[WhiteElo "2468"]
[BlackElo "2389"]
[PlyCount "81"]
[EventDate "2009.05.09"]
[EventType "team-tourn"]
[EventRounds "9"]
[EventCountry "SLO"]
[Source "ChessBase"]
[SourceDate "2009.07.02"]
[WhiteTeam "Slovakia"]
[BlackTeam "Austria"]
[WhiteTeamCountry "SVK"]
[BlackTeamCountry "AUT"]

1. e4 c5 2. Nf3 d6 3. d4 cxd4 4. Nxd4 Nf6 5. Nc3 g6 6. Bc4 Bg7 7. O-O O-O 8.
Re1 Nc6 9. Bb3 Nxd4 10. Qxd4 Bd7 11. Qd3 Bc6 12. Bg5 Rc8 13. Rad1 Qa5 14. Qg3
Rfe8 15. Qh4 b5 16. a3 b4 17. axb4 Qxb4 18. Nd5 Bxd5 19. exd5 Qxh4 20. Bxh4 Rc7
21. Ra1 Rb8 22. f3 Kf8 23. Ra6 Rb5 24. Rc6 Rbb7 25. Bc4 Rxc6 26. dxc6 Rc7 27.
Bb5 a6 28. Bxa6 Rxc6 29. Bd3 e6 30. b4 Nd5 31. b5 Rc8 32. Bf2 Bc3 33. Rb1 Nb4
34. b6 Rb8 35. Rb3 Bd2 36. Bf1 Ke7 37. c3 Nd5 38. c4 Nb4 39. c5 d5 40. Bg3 Rb7
41. Bb5 1-0

[Event "Mitropa Cup 28th"]
[Site "Rogaska Slatina"]
[Date "2009.05.15"]
[Round "7"]
[White "Neubauer, Martin"]
[Black "Macak, Stefan"]
[Result "0-1"]
[WhiteElo "2414"]
[BlackElo "2494"]
[PlyCount "90"]
[EventDate "2009.05.09"]
[EventType "team-tourn"]
[EventRounds "9"]
[EventCountry "SLO"]
[Source "ChessBase"]
[SourceDate "2009.07.02"]
[WhiteTeam "Austria"]
[BlackTeam "Slovakia"]
[WhiteTeamCountry "AUT"]
[BlackTeamCountry "SVK"]

1. d4 Nf6 2. c4 e6 3. Nc3 Bb4 4. Qc2 O-O 5. e4 d6 6. e5 dxe5 7. dxe5 Nfd7 8.
Nf3 Nc6 9. Bf4 f5 10. O-O-O b6 11. g4 Qe7 12. Rg1 Bxc3 13. Qxc3 Nc5 14. gxf5
Rxf5 15. Bh6 g6 16. Qe3 Bb7 17. Bh3 Rxf3 18. Qxf3 Qh4 19. Bd2 Qxc4+ 20. Bc3 Nb4
21. Qg4 Nxa2+ 22. Kd2 Rd8+ 23. Ke3 Rd3+ 24. Rxd3 Qxd3+ 25. Kf4 Nxc3 26. bxc3
Qe4+ 27. Kg5 Qxe5+ 28. Kh4 Qxc3 29. Qf4 Qd3 30. Qf6 Qd5 31. Rg5 Qe4+ 32. Rg4
Qf5 33. Qd8+ Qf8 34. Qxc7 Qf6+ 35. Kg3 Qf3+ 36. Kh4 Qf6+ 37. Kg3 Qf3+ 38. Kh4
Qxf2+ 39. Kg5 Qf5+ 40. Kh4 Qf6+ 41. Rg5 h6 42. Qb8+ Kf7 43. Qc7+ Ke8 44. Qb8+
Kd7 45. Bxe6+ Kxe6 0-1

[Event "Mitropa Cup 28th"]
[Site "Rogaska Slatina"]
[Date "2009.05.15"]
[Round "7"]
[White "Pilaj, Herwig"]
[Black "Michalik, Peter"]
[Result "0-1"]
[WhiteElo "2373"]
[BlackElo "2409"]
[PlyCount "112"]
[EventDate "2009.05.09"]
[EventType "team-tourn"]
[EventRounds "9"]
[EventCountry "SLO"]
[Source "ChessBase"]
[SourceDate "2009.07.02"]
[WhiteTeam "Austria"]
[BlackTeam "Slovakia"]
[WhiteTeamCountry "AUT"]
[BlackTeamCountry "SVK"]

1. Nf3 Nf6 2. c4 e6 3. Nc3 c5 4. e4 d6 5. d4 cxd4 6. Nxd4 Be7 7. Be2 O-O 8. O-O
Nc6 9. Be3 Bd7 10. Nb3 Na5 11. Nd2 Nc6 12. Rc1 Ne5 13. f4 Ng6 14. g3 Bc6 15.
Bf2 Re8 16. Bf3 a6 17. Nb3 e5 18. f5 Nf8 19. Nd5 Nxd5 20. cxd5 Ba4 21. Rc3 Bg5
22. Re1 Rc8 23. Be2 Rxc3 24. bxc3 Qc7 25. c4 Nd7 26. Qd3 b5 27. Qc3 Rc8 28. Qb4
bxc4 29. Qxa4 cxb3 30. Qxb3 Nc5 31. Qc4 Qa5 32. Rb1 g6 33. fxg6 hxg6 34. h4 Bh6
35. Kg2 Qd2 36. Rd1 Qb2 37. Kf1 Qa3 38. Rb1 Kg7 39. Rb6 Be3 40. Rc6 Rb8 41. Kg2
Bxf2 42. Kxf2 Rb4 43. Rxc5 Rxc4 44. Rxc4 a5 45. Rc2 Qb4 46. Bf3 f5 47. Re2 a4
48. Kg2 a3 49. h5 fxe4 50. h6+ Kxh6 51. Bxe4 Kg5 52. Kf2 Qc4 53. Bf3 Kf5 54.
Bg2 g5 55. Bh3+ g4 56. Bg2 e4 0-1

[Event "Mitropa Cup 28th"]
[Site "Rogaska Slatina"]
[Date "2009.05.15"]
[Round "7"]
[White "Jenni, Florian"]
[Black "Bosiocic, Marin"]
[Result "1/2-1/2"]
[WhiteElo "2516"]
[BlackElo "2571"]
[PlyCount "106"]
[EventDate "2009.05.09"]
[EventType "team-tourn"]
[EventRounds "9"]
[EventCountry "SLO"]
[Source "ChessBase"]
[SourceDate "2009.07.02"]
[WhiteTeam "Switzerland"]
[BlackTeam "Croatia"]
[WhiteTeamCountry "SUI"]
[BlackTeamCountry "CRO"]

1. d4 Nf6 2. Nf3 e6 3. Bg5 c5 4. e3 b6 5. Bd3 Bb7 6. c3 Be7 7. Nbd2 O-O 8. e4
cxd4 9. cxd4 h6 10. Bh4 Nc6 11. a3 Nh5 12. Bxe7 Qxe7 13. g3 f5 14. O-O fxe4 15.
Nxe4 Nf6 16. Nc3 g5 17. Bc2 Qg7 18. Qd3 g4 19. Nh4 Nh7 20. d5 Nd4 21. Qxh7+
Qxh7 22. Bxh7+ Kxh7 23. Rad1 e5 24. Rfe1 Rae8 25. Re4 h5 26. Kg2 d6 27. Rd2 Rc8
28. Re3 Rc5 29. h3 Nb5 30. Nxb5 Rxb5 31. hxg4 hxg4 32. Red3 Rc5 33. Kg1 Ba6 34.
Re3 Rc1+ 35. Kg2 Bc8 36. Re4 Bd7 37. Kh2 Kg7 38. Kg2 Rfc8 39. f4 gxf3+ 40. Nxf3
R8c2 41. Ree2 Rxd2 42. Rxd2 Kf6 43. Kf2 Bg4 44. Nh4 Bf5 45. Ng2 Be4 46. Ne3 b5
47. Nd1 Bg6 48. Ne3 a5 49. Kf3 b4 50. axb4 axb4 51. Rd1 Rc5 52. Ra1 Bf7 53. Ke4
Bg6+ 1/2-1/2

[Event "Mitropa Cup 28th"]
[Site "Rogaska Slatina"]
[Date "2009.05.15"]
[Round "7"]
[White "Jovanovic, Zoran2"]
[Black "Ekstroem, Roland"]
[Result "1/2-1/2"]
[WhiteElo "2525"]
[BlackElo "2481"]
[PlyCount "48"]
[EventDate "2009.05.09"]
[EventType "team-tourn"]
[EventRounds "9"]
[EventCountry "SLO"]
[Source "ChessBase"]
[SourceDate "2009.07.02"]
[WhiteTeam "Croatia"]
[BlackTeam "Switzerland"]
[WhiteTeamCountry "CRO"]
[BlackTeamCountry "SUI"]

1. e4 d5 2. exd5 Qxd5 3. Nf3 Bg4 4. Be2 Nc6 5. O-O O-O-O 6. h3 Bxf3 7. Bxf3 Qd7
8. c3 Ne5 9. d4 Nxf3+ 10. Qxf3 Nf6 11. Nd2 Qd5 12. Re1 e6 13. Qxd5 exd5 14. Nf3
Ne4 15. Ne5 Nd6 16. Bf4 Re8 17. f3 Be7 18. Nd3 Nc4 19. Kf2 Bd6 20. b3 Nb2 21.
Nxb2 Bxf4 22. Rxe8+ Rxe8 23. Rd1 Re6 24. Nd3 Bd6 1/2-1/2

[Event "Mitropa Cup 28th"]
[Site "Rogaska Slatina"]
[Date "2009.05.15"]
[Round "7"]
[White "Martinovic, Sasa"]
[Black "Gaehwiler, Gabriel"]
[Result "1-0"]
[WhiteElo "2483"]
[BlackElo "2226"]
[PlyCount "69"]
[EventDate "2009.05.09"]
[EventType "team-tourn"]
[EventRounds "9"]
[EventCountry "SLO"]
[Source "ChessBase"]
[SourceDate "2009.07.02"]
[WhiteTeam "Croatia"]
[BlackTeam "Switzerland"]
[WhiteTeamCountry "CRO"]
[BlackTeamCountry "SUI"]

1. d4 Nf6 2. c4 g6 3. Nf3 Bg7 4. g3 O-O 5. Bg2 c5 6. Nc3 Nc6 7. d5 Na5 8. Nd2
Ng4 9. Qc2 f5 10. h3 Ne5 11. b3 f4 12. gxf4 Rxf4 13. Nde4 Rh4 14. f4 Nf7 15.
Nxc5 d6 16. Ne6 Bxe6 17. dxe6 Nh6 18. e3 Rc8 19. Bb2 Nf5 20. Nd5 b5 21. Bxg7
Nxg7 22. Qf2 Rh5 23. cxb5 Rc5 24. e4 Rhxd5 25. exd5 Qc7 26. O-O Rc2 27. Qe1
Qb6+ 28. Kh1 Nf5 29. Be4 Re2 30. Bxf5 Rxe1 31. Raxe1 gxf5 32. Rg1+ Kf8 33. Rc1
Qb7 34. Kh2 a6 35. Rg2 1-0